00843cam a2200217 a 450000100100000000500170001000800410002702000150006804000230008308200190010610000420012524501170016726000560028430000310034049000430037150400730041460000550048765000180054265000440056070000210060400000275220200929150242.0931119s1990 sp c b 001 p spa d a843381091X aDO-SdBNPcNjPdDLC a892.4bG979fzV1 aVarela Moreno, María Encarnación.10aFlores de fuego, años de fuego :bla poesía de Jaím Guri. /cMaría Encarnación Varela, Ariel Schiller. aGranada, España :bUniversidad de Granada,c1990. a244 p. :bretrs. ;c22 cm.1 aLiteratura hebrea contemporánea ;v2 aIncluye referencias bibliográficas y notas al pie de las páginas14aGURI, JAÍMd1923-xCRÍTICA E INTERPRETACIÓN. 4aPoesia hebrea 4aLiteratura hebreaxHistoria y crítica1 aSchiller, Ariel.